[Event "30. Augsburger Friedensfest-Open"]
[Site "Augsburg"]
[Date "2025.08.10"]
[Round "7.31"]
[White "Waibel, Manuel"]
[Black "Roebers, Bregje"]
[Result "0-1"]
[WhiteElo "1891"]
[BlackElo "2030"]
[EventDate "2025.08.07"]
[Time "09:30:00"]
[WhiteNrv "1891"]
[BlackNrv "2030"]
[WhiteTwz "1891"]
[BlackTwz "2030"]
[WhiteFideId "34608060"]
[BlackFideId "1085174"]
[WhiteNatFedId "10768978"]
[WhiteAttr "M"]
[BlackAttr "W"]
[WhiteTeam "Schachges. Augsburg 1873"]
[BlackTeam "?"]

1.e4 c5 2.Nf3 d6 3.d4 cxd4 4.Nxd4 Nf6 5.Nc3 a6 6.h3 e6 7.g4 Be7 8.g5 Nfd7 
9.h4 b5 10.Be3 Bb7 11.Qh5 g6 12.Qg4 b4 13.Na4 Qa5 14.b3 Nc5 15.Nxc5 dxc5 
16.Nxe6 fxe6 17.Qxe6 Qc7 18.Bc4 Rf8 19.Rd1 Nd7 20.h5 Qc6 21.hxg6 hxg6 22.
Rxd7 Qxd7 23.Qxg6+ Kd8 24.Rh7 Qc6 25.Qxc6 Bxc6 26.e5 Be4 27.Rh6 Kc7 28.Bd3
Bxd3 29.cxd3 Rh8 30.Re6 Kd7 31.Rb6 a5 32.Ke2 Rh3 33.d4 cxd4 34.Bxd4 Bxg5 
35.Rg6 Be7 36.f3 Rc8 37.Ke3 Rf8 0-1

[Event "30. Augsburger Friedensfest-Open"]
[Site "Augsburg"]
[Date "2025.08.10"]
[Round "7.32"]
[White "Soergel, Thomas"]
[Black "Schrauder, Ulrich"]
[Result "1/2-1/2"]
[WhiteElo "2018"]
[BlackElo "1876"]
[EventDate "2025.08.07"]
[Time "09:30:00"]
[WhiteNrv "2018"]
[BlackNrv "1876"]
[WhiteTwz "2018"]
[BlackTwz "1876"]
[WhiteFideId "4667980"]
[BlackFideId "16266749"]
[WhiteNatFedId "10209978"]
[BlackNatFedId "10198572"]
[WhiteAttr "M"]
[BlackAttr "M"]
[WhiteTeam "SK Graefelfing"]
[BlackTeam "TSV Mindelheim"]

1.c4 e5 2.Nc3 Nf6 3.g3 Bb4 4.Bg2 Bxc3 5.bxc3 O-O 6.Nf3 Re8 7.O-O c6 8.d3 
d5 9.cxd5 cxd5 10.Qb3 Nc6 11.Bg5 Rb8 12.Bxf6 gxf6 13.Nh4 Be6 14.Qb2 Ne7 
15.f4 Ng6 16.f5 Nxh4 17.gxh4 Bc8 18.e4 d4 19.cxd4 Qxd4+ 20.Qxd4 exd4 21.
Rfc1 b6 22.Kf2 Ba6 23.Bf1 Rbc8 24.Ke1 Kf8 25.Kd2 Ke7 26.Be2 Kd6 27.a4 Rxc1
28.Rxc1 Rg8 29.Bf3 b5 30.Ra1 b4 31.Rc1 Rc8 32.Rxc8 Bxc8 33.Bd1 a5 34.Bb3 
Bd7 35.Ke2 1/2-1/2

[Event "30. Augsburger Friedensfest-Open"]
[Site "Augsburg"]
[Date "2025.08.10"]
[Round "7.34"]
[White "Kaufmann, Ben"]
[Black "Hoeller, Armin"]
[Result "0-1"]
[WhiteElo "1859"]
[BlackElo "1976"]
[EventDate "2025.08.07"]
[Time "09:30:00"]
[WhiteNrv "1859"]
[BlackNrv "1976"]
[WhiteTwz "1859"]
[BlackTwz "1976"]
[WhiteFideId "34687068"]
[BlackFideId "24651923"]
[WhiteNatFedId "10489709"]
[BlackNatFedId "10085787"]
[WhiteAttr "M"]
[BlackAttr "M"]
[WhiteTeam "SK Sontheim/Brenz e.V."]
[BlackTeam "SK Weilheim e.V."]

1.e4 e5 2.Nf3 Nc6 3.Bb5 a6 4.Ba4 Nf6 5.O-O Be7 6.Re1 b5 7.Bb3 d6 8.c3 O-O 
9.h3 Nb8 10.d4 Nbd7 11.Nbd2 Bb7 12.Bc2 Re8 13.Nf1 Bf8 14.Ng3 g6 15.b3 Bg7 
16.Bb2 d5 17.Nxe5 Nxe4 18.Nxe4 dxe4 19.Nxd7 Qxd7 20.Qe2 f5 21.Rad1 f4 22.
Qg4 Qxg4 23.hxg4 Rad8 24.Bc1 Bh6 25.g3 g5 26.c4 e3 27.fxe3 Bf3 28.Rd2 Bg7 
29.gxf4 gxf4 30.Rf2 Bxg4 31.Rxf4 Rxd4 32.Rxd4 Bxd4 33.Bd2 Be5 34.cxb5 axb5
35.Bb4 Bg3 36.Rf1 Rxe3 37.Rf8+ Kg7 38.Rd8 Be5 39.Bd1 h5 40.Bxg4 hxg4 41.
Rd7+ Kf6 42.Rd5 c6 43.Rd8 g3 44.Rc8 Kf5 45.Rxc6 Re2 46.Bc3 Rc2 47.Bxe5 
Rxc6 48.Bxg3 Rc1+ 49.Kf2 Rc2+ 50.Ke1 Rxa2 51.Bd6 Ke4 52.b4 Kd3 53.Bf8 Ra1+
54.Kf2 Rb1 55.Bc5 Kc4 56.Ke2 Rxb4 0-1

[Event "30. Augsburger Friedensfest-Open"]
[Site "Augsburg"]
[Date "2025.08.10"]
[Round "7.35"]
[White "Peck, Malcolm"]
[Black "Haselbeck, Franz"]
[Result "1-0"]
[WhiteElo "1799"]
[BlackElo "1931"]
[EventDate "2025.08.07"]
[Time "09:30:00"]
[WhiteNrv "1799"]
[BlackNrv "1931"]
[WhiteTwz "1799"]
[BlackTwz "1931"]
[WhiteFideId "12902756"]
[BlackFideId "1270356"]
[WhiteNatFedId "10161218"]
[BlackNatFedId "10075444"]
[WhiteAttr "M"]
[BlackAttr "M"]
[WhiteTeam "SK Koenigsbrunn"]
[BlackTeam "SV Deggendorf"]

1.d4 c5 2.c3 Nf6 3.Nf3 d5 4.Bf4 Bf5 5.e3 Qb6 6.b4 c4 7.a4 a5 8.b5 e6 9.Be2
Nbd7 10.O-O Bd6 11.Ne5 Qc7 12.Nxd7 Nxd7 13.Qc1 b6 14.Re1 e5 15.Bg3 h5 16.
f3 e4 17.Bxd6 Qxd6 18.Qd1 Qg6 19.Nd2 Nf6 20.fxe4 Nxe4 21.Nxe4 Bxe4 22.Bf3 
O-O-O 23.Bxe4 Qxe4 24.Qf3 f5 25.Rf1 Rhf8 26.Qxe4 dxe4 27.Ra2 Rf6 28.Raf2 
Rdf8 29.Rd2 Kd7 30.d5 Kd6 31.g3 g5 32.h3 Ke5 33.Rd4 Rd8 34.Rfd1 f4 35.
exf4+ gxf4 36.Re1 fxg3 37.Rdxe4+ Kf5 38.Rh4 Kg5 39.Rd4 Rdd6 40.h4+ Kg6 41.
Re3 Rf5 42.Rxg3+ Kf6 43.Rg8 Rdxd5 44.Rf8+ Ke6 45.Rxf5 Rxd4 46.Rxh5 Rd3 47.
Rh6+ Kf5 48.Rxb6 Rxc3 49.Rc6 Ke5 50.h5 Kd5 51.h6 Rh3 52.Kf1 Kd4 53.b6 Rf3+
54.Ke1 Rf8 55.b7 c3 56.Rc8 c2 57.Rxc2 Rb8 58.h7 Ke3 59.Rc3+ 1-0

[Event "30. Augsburger Friedensfest-Open"]
[Site "Augsburg"]
[Date "2025.08.10"]
[Round "7.36"]
[White "Frenkel, Matthias"]
[Black "Heilig, Tim Markus"]
[Result "1-0"]
[WhiteElo "1925"]
[BlackElo "1868"]
[EventDate "2025.08.07"]
[Time "09:30:00"]
[WhiteNrv "1925"]
[BlackNrv "1868"]
[WhiteTwz "1925"]
[BlackTwz "1868"]
[WhiteFideId "34619267"]
[BlackFideId "16295935"]
[WhiteNatFedId "10437364"]
[BlackNatFedId "10692999"]
[WhiteAttr "M"]
[BlackAttr "M"]
[WhiteTeam "SK Kriegshaber"]
[BlackTeam "SF 1876 Goeppingen"]

1.d4 g6 2.c4 Bg7 3.Nc3 c5 4.d5 f5 5.Nf3 Nf6 6.Bf4 d6 7.Qc2 O-O 8.h4 Qa5 9.
Nd2 Nbd7 10.e3 a6 11.a4 Ne5 12.Be2 Nf7 13.Nb3 Qd8 14.a5 Bd7 15.Bf3 b5 16.
axb6 Qxb6 17.Nc1 h6 18.Nd3 Ra7 19.Ra2 Rb8 20.O-O g5 21.hxg5 hxg5 22.Bh2 
Nh6 23.Rfa1 Kf7 24.Na4 Qb3 25.Bd1 Qxc2 26.Bxc2 Bxa4 27.Rxa4 Rb6 28.f3 Nd7 
29.R1a2 Nb8 30.b4 cxb4 31.Rxb4 Rab7 32.Rba4 Nd7 33.Rxa6 Rxa6 34.Rxa6 Nb6 
35.c5 Nxd5 36.c6 Nb4 37.Nxb4 Rxb4 38.c7 1-0

[Event "30. Augsburger Friedensfest-Open"]
[Site "Augsburg"]
[Date "2025.08.10"]
[Round "7.37"]
[White "Simon, Jonathan"]
[Black "Schrimpf, Michael"]
[Result "1/2-1/2"]
[WhiteElo "1907"]
[BlackElo "1863"]
[EventDate "2025.08.07"]
[Time "09:30:00"]
[WhiteNrv "1907"]
[BlackNrv "1863"]
[WhiteTwz "1907"]
[BlackTwz "1863"]
[WhiteFideId "1271653"]
[BlackFideId "1676237"]
[WhiteNatFedId "10208573"]
[BlackNatFedId "10841479"]
[WhiteAttr "M"]
[BlackAttr "M"]
[WhiteTeam "SK 1928 Moembris"]
[BlackTeam "SF Augsburg"]

1.d4 Nf6 2.c4 e6 3.Nc3 Bb4 4.e3 O-O 5.Bd3 d5 6.Nf3 c5 7.O-O Nc6 8.a3 Bxc3 
9.bxc3 b6 10.cxd5 exd5 11.h3 Ne7 12.Ne5 Qc7 13.a4 Bf5 14.Ba3 Bxd3 15.Qxd3 
Rfe8 16.Rab1 Nc6 17.Nxc6 Qxc6 18.Qa6 Ne4 19.Rfc1 Nd2 20.Rb5 Nc4 21.Bb2 Qc7
22.dxc5 bxc5 23.Rd1 Re6 24.Qb7 Qd8 25.Rxc5 Rb8 26.Rcxd5 Nd6 27.Qc6 Rb6 28.
Rxd6 Rxd6 29.Rxd6 Qxd6 30.Qe8+ Qf8 31.Qxf8+ Kxf8 32.Ba3+ Ke8 33.Bb4 Kd7 
34.Kf1 Ra6 35.a5 Kc6 36.Ke2 Kb5 37.Kd3 Rf6 38.Ke2 Kc4 39.f3 Rg6 40.Kf2 Kd3
41.e4 Rc6 42.Ke1 Ke3 43.Kf1 Rc7 44.Ke1 a6 45.Kf1 h5 46.Ke1 Rc8 47.Kf1 Rd8 
48.Bc5+ Kf4 49.Bd4 f6 50.Kf2 h4 51.Be3+ Ke5 52.Bd4+ Kd6 53.Ke3 Kc6 54.c4 
Rb8 55.Bb6 g5 56.Kd4 Rb7 57.Ke3 Rb8 58.Kd4 Rb7 59.Ke3 Rb8 60.Kd4 Re8 61.
Ke3 Rf8 62.Kd4 Rb8 63.Ke3 1/2-1/2

[Event "30. Augsburger Friedensfest-Open"]
[Site "Augsburg"]
[Date "2025.08.10"]
[Round "7.38"]
[White "Lohr, Alexander"]
[Black "Hofbauer, Bernhard"]
[Result "1/2-1/2"]
[WhiteElo "1692"]
[BlackElo "1913"]
[EventDate "2025.08.07"]
[Time "09:30:00"]
[WhiteNrv "1692"]
[BlackNrv "1913"]
[WhiteTwz "1692"]
[BlackTwz "1913"]
[WhiteFideId "16297865"]
[BlackFideId "34666303"]
[WhiteNatFedId "10578753"]
[BlackNatFedId "10086413"]
[WhiteAttr "M"]
[BlackAttr "M"]
[WhiteTeam "FC Ergolding 1932 e.V."]
[BlackTeam "SK Tarrasch 1945 Muenchen"]

1.d4 Nf6 2.Nf3 e6 3.Bg5 h6 4.Bh4 d5 5.e3 c5 6.c3 Nbd7 7.Nbd2 Bd6 8.Bd3 Qc7
9.Qe2 b6 10.e4 dxe4 11.Nxe4 Nd5 12.Nxd6+ Qxd6 13.Bg3 Qe7 14.c4 N5f6 15.Be4
Nxe4 16.Qxe4 Rb8 17.Bxb8 Nxb8 18.O-O Bb7 19.Qf4 O-O 20.Rfe1 Bxf3 21.Qxf3 
cxd4 22.Rad1 Qc5 23.b3 Nc6 1/2-1/2

[Event "30. Augsburger Friedensfest-Open"]
[Site "Augsburg"]
[Date "2025.08.10"]
[Round "7.39"]
[White "Schaefer, Ann-Kathrin"]
[Black "Mayer, Manuel"]
[Result "1-0"]
[WhiteElo "1791"]
[BlackElo "1900"]
[EventDate "2025.08.07"]
[Time "09:30:00"]
[WhiteNrv "1791"]
[BlackNrv "1900"]
[WhiteTwz "1791"]
[BlackTwz "1900"]
[WhiteFideId "24615412"]
[BlackFideId "34636838"]
[WhiteNatFedId "10186026"]
[BlackNatFedId "10762354"]
[WhiteAttr "W"]
[BlackAttr "M"]
[WhiteTeam "SC JAeKLECHEMIE Talente Franken e"]
[BlackTeam "TSV Landsberg 1882"]

1.d4 Nf6 2.Nf3 d5 3.e3 g6 4.c4 c6 5.Nc3 Bg7 6.Be2 O-O 7.O-O Nbd7 8.b4 Re8 
9.Ne5 Ne4 10.Nxe4 Nxe5 11.cxd5 cxd5 12.Nc5 Nc4 13.Qb3 b6 14.Na4 e5 15.dxe5
Bxe5 16.Rb1 Be6 17.Rd1 Qc7 18.f4 Bg7 19.Nc3 Rad8 20.Nb5 Qb7 21.Bf3 Qd7 22.
Nd4 Bg4 23.Bxg4 Qxg4 24.b5 Bf8 25.a4 Bc5 26.Rd3 Re4 27.Bd2 Rde8 28.Qc3 h5 
29.Re1 h4 30.Kf2 g5 31.g3 Qh3 32.Nf3 g4 33.Qf6 R4e6 34.Qg5+ Rg6 35.Qxh4 
Rh6 36.Qxh3 Rxh3 37.Kg2 Rh5 38.Nd4 Nxd2 39.Rxd2 Bb4 40.Rde2 Bxe1 41.Rxe1 
Re4 42.Kg1 Kf8 43.Re2 Ke8 44.Rc2 Kd7 45.Rc3 Rh8 46.a5 Rc8 47.Ra3 Rc1+ 48.
Kf2 Kc7 49.axb6+ Kxb6 50.Ra6+ Kb7 51.Rd6 Ra1 52.Rxd5 Ra2+ 53.Ne2 Rb4 54.
Ke1 Rbb2 55.Nc3 Ra1+ 56.Nd1 Rxh2 57.e4 Kb6 58.e5 Rh1+ 59.Ke2 Raxd1 60.Rxd1
Rxd1 61.Kxd1 Kxb5 62.Kd2 Kc5 63.Kc3 Kd5 64.Kb4 Ke4 65.Kb5 Kf3 66.f5 Kxg3 
67.e6 fxe6 68.fxe6 Kh2 69.e7 g3 70.e8=Q g2 71.Qh5+ Kg3 72.Qe5+ Kf2 73.Qh2 
Kf1 74.Qf4+ Ke2 75.Qg3 Kf1 76.Qf3+ Kg1 77.Kc4 Kh2 78.Qf2 Kh1 79.Qh4+ Kg1 
80.Kd3 Kf1 81.Qf4+ Ke1 82.Qg3+ Kf1 83.Qf3+ Kg1 84.Ke3 Kh2 85.Qf2 Kh1 86.
Qh4+ Kg1 87.Kf3 Kf1 88.Qf2# 1-0

[Event "30. Augsburger Friedensfest-Open"]
[Site "Augsburg"]
[Date "2025.08.10"]
[Round "7.40"]
[White "Pieczka, Kevin"]
[Black "Kelembet, Artem"]
[Result "0-1"]
[WhiteElo "1725"]
[BlackElo "1897"]
[EventDate "2025.08.07"]
[Time "09:30:00"]
[WhiteNrv "1725"]
[BlackNrv "1897"]
[WhiteTwz "1725"]
[BlackTwz "1897"]
[WhiteFideId "12968072"]
[BlackFideId "34684727"]
[WhiteNatFedId "10272131"]
[BlackNatFedId "10828569"]
[WhiteAttr "M"]
[BlackAttr "M"]
[WhiteTeam "SV Jedesheim 1921"]
[BlackTeam "SV Jedesheim 1921"]

1.e4 d6 2.d4 Nf6 3.Nc3 g6 4.h3 Bg7 5.Be3 c6 6.Bd3 Nbd7 7.f4 e5 8.dxe5 dxe5
9.f5 gxf5 10.exf5 Nd5 11.Nxd5 cxd5 12.Qg4 Kf8 13.Qb4+ Qe7 14.Qxe7+ Kxe7 
15.c3 d4 16.cxd4 exd4 17.Bg5+ Bf6 18.Bxf6+ Kxf6 19.g4 Ne5 20.Kd2 h5 21.Ne2
Rg8 22.Nxd4 hxg4 23.hxg4 Rxg4 24.Ne2 Nxd3 25.Kxd3 Bxf5+ 26.Kc3 Rc8+ 27.Kb3
Bc2+ 28.Ka3 Ra4# 0-1

[Event "30. Augsburger Friedensfest-Open"]
[Site "Augsburg"]
[Date "2025.08.10"]
[Round "7.41"]
[White "Elsinga, Brian"]
[Black "Mohm, Marvin"]
[Result "1/2-1/2"]
[WhiteElo "1851"]
[BlackElo "1739"]
[EventDate "2025.08.07"]
[Time "09:30:00"]
[WhiteNrv "1851"]
[BlackNrv "1739"]
[WhiteTwz "1851"]
[BlackTwz "1739"]
[WhiteFideId "1089439"]
[BlackFideId "34659943"]
[BlackNatFedId "10404202"]
[WhiteAttr "M"]
[BlackAttr "M"]
[WhiteTeam "?"]
[BlackTeam "SK Koenigsbrunn"]

1.c4 c5 2.Nf3 Nc6 3.Nc3 g6 4.d4 cxd4 5.Nxd4 Bg7 6.e3 Nf6 7.Be2 O-O 8.O-O 
d5 9.cxd5 Nxd5 10.Nxd5 Qxd5 11.Bf3 Qc5 12.Nxc6 bxc6 13.Qa4 Be6 14.Rb1 Bc4 
15.Rd1 Bb5 16.Qe4 Rfd8 17.h3 Rxd1+ 18.Bxd1 Rd8 19.Bc2 a5 20.b4 axb4 21.
Rxb4 f5 22.Qe6+ Kf8 23.Qb3 Bd3 24.Rb8 Rxb8 25.Qxb8+ Kf7 26.Bb3+ Bc4 27.
Bxc4+ Qxc4 28.Qb3 Qxb3 1/2-1/2

[Event "30. Augsburger Friedensfest-Open"]
[Site "Augsburg"]
[Date "2025.08.10"]
[Round "7.43"]
[White "Kapfer, Ulrich"]
[Black "Doebel, Maximilian"]
[Result "1-0"]
[WhiteElo "1952"]
[BlackElo "1799"]
[EventDate "2025.08.07"]
[Time "09:30:00"]
[WhiteNrv "1952"]
[BlackNrv "1799"]
[WhiteTwz "1952"]
[BlackTwz "1799"]
[WhiteFideId "12908371"]
[BlackFideId "34650768"]
[WhiteNatFedId "10099745"]
[BlackNatFedId "10437353"]
[WhiteAttr "M"]
[BlackAttr "M"]
[WhiteTeam "SC Dillingen"]
[BlackTeam "SF Augsburg"]

1.d4 Nf6 2.c4 c5 3.d5 b5 4.cxb5 a6 5.bxa6 Bxa6 6.Nc3 g6 7.e4 d6 8.Bxa6 
Rxa6 9.Nf3 Bg7 10.O-O O-O 11.Qc2 Nbd7 12.h3 Qa8 13.Bd2 Rb8 14.Rab1 Rab6 
15.b3 Ne8 16.Na4 R6b7 17.Bc3 f6 18.Nd2 Nb6 19.Nxb6 Rxb6 20.Nc4 Ra6 21.a4 
Nc7 22.f4 Qa7 23.Kh1 Na8 24.Qd3 Nb6 25.Na3 Nd7 26.Nb5 Qb7 27.Rfc1 Raa8 28.
Na3 Qa7 29.Nc4 Qc7 30.Qc2 Kf7 31.Rf1 Kg8 32.Qd3 Rb7 33.g4 Rba7 34.Na3 Qb8 
35.Nb5 Rb7 36.Ra1 Nb6 37.Rfb1 Kf8 38.Rf1 Kg8 39.f5 Bh6 40.fxg6 hxg6 41.e5 
dxe5 42.Qxg6+ Bg7 43.Rad1 Rd7 44.Qf5 Qb7 45.Qe6+ Kf8 46.Qc6 Rad8 47.Qxb7 
Rxb7 48.d6 Rbd7 49.Bxe5 c4 50.a5 1-0

[Event "30. Augsburger Friedensfest-Open"]
[Site "Augsburg"]
[Date "2025.08.10"]
[Round "7.44"]
[White "Fridlin, Daniel"]
[Black "Schreck, Alexander"]
[Result "0-1"]
[WhiteElo "1770"]
[BlackElo "1869"]
[EventDate "2025.08.07"]
[Time "09:30:00"]
[WhiteNrv "1770"]
[BlackNrv "1869"]
[WhiteTwz "1770"]
[BlackTwz "1869"]
[WhiteFideId "34602763"]
[BlackFideId "1271739"]
[WhiteNatFedId "10723898"]
[BlackNatFedId "10198594"]
[WhiteAttr "M"]
[BlackAttr "M"]
[WhiteTeam "SC Noris-Tarrasch Nuernberg 1873"]
[BlackTeam "Godesberger SK 1929 e. V"]

1.e4 c5 2.Nf3 d6 3.d4 cxd4 4.Nxd4 Nf6 5.Nc3 Nc6 6.f3 e5 7.Nb3 Be6 8.Be3 
Be7 9.Qd2 d5 10.exd5 Nxd5 11.Nxd5 Qxd5 12.O-O-O O-O-O 13.Bd3 Nd4 14.Qc3+ 
Kb8 15.Kb1 Rc8 16.Qd2 Nxb3 17.cxb3 h5 18.Qe2 Qa5 19.Bd2 Qc7 20.Rc1 Qd6 21.
Bc3 f6 22.Rhd1 Qb6 23.Re1 Bc5 24.Bxe5+ Ka8 25.Bc3 Rhe8 26.Qc2 h4 27.Re2 h3
28.g3 Bd5 29.Rce1 Rxe2 30.Qxe2 Qc6 31.f4 Bf3 32.Qc2 Re8 33.Qd2 a6 34.b4 
Bb6 35.Rf1 Rd8 36.Qc2 Rxd3 0-1

[Event "30. Augsburger Friedensfest-Open"]
[Site "Augsburg"]
[Date "2025.08.10"]
[Round "7.45"]
[White "Holuba, Stefan"]
[Black "Boehm, Bruno"]
[Result "1-0"]
[WhiteElo "1736"]
[BlackElo "1848"]
[EventDate "2025.08.07"]
[Time "09:30:00"]
[WhiteNrv "1736"]
[BlackNrv "1848"]
[WhiteTwz "1736"]
[BlackTwz "1848"]
[WhiteFideId "34667520"]
[BlackFideId "4699238"]
[WhiteNatFedId "10088445"]
[BlackNatFedId "10019158"]
[WhiteAttr "M"]
[BlackAttr "M"]
[WhiteTeam "SK Caissa Augsburg"]
[BlackTeam "SK Freising"]

1.e4 c5 2.d4 cxd4 3.Qxd4 Nc6 4.Qd3 e6 5.Nc3 a6 6.Bf4 Bc5 7.O-O-O Bxf2 8.
Nf3 Bc5 9.g4 Nge7 10.h4 Ng6 11.Bg3 Nb4 12.Qe2 b5 13.h5 Qb6 14.hxg6 Be3+ 
15.Kb1 fxg6 16.Bd6 Bc5 17.Bxc5 Qxc5 18.Qd2 O-O 19.Bg2 a5 20.a3 Nc6 21.e5 
b4 22.Ne4 Qb6 23.a4 b3 24.c3 Ba6 25.Nd6 Rab8 26.Rhe1 Ne7 27.Nd4 Nc6 28.
Nxc6 dxc6 29.Qe3 Qxe3 30.Rxe3 Rf2 31.Bxc6 Be2 32.Re1 Bxg4 33.c4 Rbf8 34.
Rxb3 h5 35.Be4 Kh7 36.c5 Rd2 37.c6 Bd1 38.Rxd1 Rxd1+ 39.Ka2 Rc1 40.Rc3 Re1
41.c7 Rc8 42.Nxc8 Rxe4 43.Nd6 1-0

[Event "30. Augsburger Friedensfest-Open"]
[Site "Augsburg"]
[Date "2025.08.10"]
[Round "7.46"]
[White "Mittermaier, Johann"]
[Black "Stempfle, Tobias"]
[Result "1/2-1/2"]
[WhiteElo "1828"]
[BlackElo "1746"]
[EventDate "2025.08.07"]
[Time "09:30:00"]
[WhiteNrv "1828"]
[BlackNrv "1746"]
[WhiteTwz "1828"]
[BlackTwz "1746"]
[WhiteFideId "16208382"]
[BlackFideId "24698482"]
[WhiteNatFedId "10144722"]
[BlackNatFedId "10215172"]
[WhiteAttr "M"]
[BlackAttr "M"]
[WhiteTeam "SV Deggendorf"]
[BlackTeam "SC Garching 1980 e.V."]

1.e4 c6 2.d4 d5 3.exd5 cxd5 4.Bd3 Nc6 5.c3 Nf6 6.Bf4 Bg4 7.Qb3 Qd7 8.Nd2 
e6 9.Ngf3 Bd6 10.Bxd6 Qxd6 11.O-O 1/2-1/2